000
00308nam a22001337a 4500
008
170628b xxu||||| |||| 00| 0 eng d
020
_a
039395563
041
_a
eng
080
_2
5 ED
_a
32
100
_a
21
101
_a
GJL
245
_a
THE NORTON ANTHOLOGY OF ENGLISH
_c
ABRAMS.M.H
942
_2
udc
_c
BK
999
_c
19402
_d
19402